书目信息 |
| 题名: |
钱伟长校长和钱伟长教育思想
|
|
| 作者: | 顾传青 著 | |
| 分册: | ||
| 出版信息: | 北京 科学出版社 2011.1 |
|
| 页数: | 10,164页 | |
| 开本: | 24cm | |
| 丛书名: | 上海大学自强学院钱伟长教育思想实践丛书 | |
| 单 册: | ||
| 中图分类: | G40-092.76 | |
| 科图分类: | ||
| 主题词: | ||
| 电子资源: | ||
| ISBN: | 978-7-03-029844-7 | |
| 000 | 01115oam2 2200253 45 | |
| 001 | 512 | |
| 005 | 20120531162803.00 | |
| 010 | @a978-7-03-029844-7@dCNY35.00 | |
| 100 | @a20120328d2011 em y0chiy0110 ea | |
| 101 | 0 | @achi |
| 102 | @aCN@b110000 | |
| 105 | @aa z 000yd | |
| 106 | @ar | |
| 200 | 1 | @a钱伟长校长和钱伟长教育思想@AQian Wei Chang Xiao Chang He Qian Wei Chang Jiao Yu Si Xiang@f顾传青著@FGu Chuan Qing Zhu |
| 210 | @a北京@c科学出版社@d2011.1 | |
| 215 | @a10,164页@c图@d24cm | |
| 225 | 2 | @a上海大学自强学院钱伟长教育思想实践丛书 |
| 330 | @a本书内容分为三部分:第一部分分三个主要时期叙述钱伟长校长的传奇人生;第二部分为钱伟长教育思想的目的篇、办学篇、教学篇和治学篇;第三部分概述钱校长从1983年起领导上海工业大学,接着创办应用数学与力学所,1994年组建新上海大学,1997年倡办上海大学自强学院的过程,并分别介绍了上海大学、力学所和自强学院的近况。 | |
| 461 | 0 | @12001 @a上海大学自强学院钱伟长教育思想实践丛书 |
| 600 | 0 | @a钱伟长@f(1912-2010)@x教育思想@x研究 |
| 690 | @aG40-092.76@v4 | |
| 701 | 0 | @a顾传青@AGu Chuan Qing@4著 |
| 801 | 0 | @aCN@bTSTCL@c20120328 |
| 905 | @b0812245-49@dG40-092.76@e573@f5 | |
| 钱伟长校长和钱伟长教育思想/顾传青著.-北京:科学出版社,2011.1 |
| 10,164页:图;24cm.-(上海大学自强学院钱伟长教育思想实践丛书) |
| ISBN 978-7-03-029844-7:CNY35.00 |
| 本书内容分为三部分:第一部分分三个主要时期叙述钱伟长校长的传奇人生;第二部分为钱伟长教育思想的目的篇、办学篇、教学篇和治学篇;第三部分概述钱校长从1983年起领导上海工业大学,接着创办应用数学与力学所,1994年组建新上海大学,1997年倡办上海大学自强学院的过程,并分别介绍了上海大学、力学所和自强学院的近况。 |
| ● |
| 相关链接 |
|
|
|
|
正题名:钱伟长校长和钱伟长教育思想
索取号:G40-092.76/573
 
预约/预借
| 序号 | 登录号 | 条形码 | 馆藏地/架位号 | 状态 | 备注 |
| 1 | 0812245 | 208122459 | 第一样本阅览室/ [索取号:G40-092.76/573] | 在馆 | |
| 2 | 0812246 | 208122468 | 第四借阅区/ [索取号:G40-092.76/573] | 在馆 | |
| 3 | 0812247 | 208122477 | 第四借阅区/ [索取号:G40-092.76/573] | 在馆 | |
| 4 | 0812248 | 208122486 | 第四借阅区/ [索取号:G40-092.76/573] | 在馆 | |
| 5 | 0812249 | 208122495 | 第四借阅区/ [索取号:G40-092.76/573] | 在馆 |